000 00704nam a2200229Ia 4500
003 OSt
005 20220925233706.0
006 a|||||r|||| 00| 0
007 ta
008 220923b |||||||| |||| 00| 0 eng d
020 _a8126123087
_c510
037 _b5280, 18/03/2014, RAJKIRAN BOOK AGENCY
_cGeneral Book
040 _aRTL
_cRTL
_beng
041 _2eng
_aeng
082 _aX9(J3)0aF54, P5
100 _aAHMED M. N.
_9299226
245 0 _aFood and beverage services
260 _a New Delhi
_bAnmol Publication
_c2005
300 _aix,426p
_ccm.
942 _hX9(J3)0aF54, P5
_cGB
_2CC
999 _c594306
_d594306